<?xml version="1.0" encoding="UTF-8"?>
<record
    xmlns:xsi="http://www.w3.org/2001/XMLSchema-instance"
    xsi:schemaLocation="http://www.loc.gov/MARC21/slim http://www.loc.gov/standards/marcxml/schema/MARC21slim.xsd"
    xmlns="http://www.loc.gov/MARC21/slim">

  <leader>02137cam a2200301 i 4500</leader>
  <controlfield tag="001">991107478093406196</controlfield>
  <controlfield tag="005">20251022151105.0</controlfield>
  <controlfield tag="008">240712t20252025enk      b    001 0 eng  </controlfield>
  <datafield tag="010" ind1=" " ind2=" ">
    <subfield code="a">  2024032029</subfield>
  </datafield>
  <datafield tag="020" ind1=" " ind2=" ">
    <subfield code="a">9781398616059</subfield>
  </datafield>
  <datafield tag="035" ind1=" " ind2=" ">
    <subfield code="a">(OCoLC)1446129891</subfield>
  </datafield>
  <datafield tag="035" ind1=" " ind2=" ">
    <subfield code="a">(OCoLC)on1446129891</subfield>
  </datafield>
  <datafield tag="040" ind1=" " ind2=" ">
    <subfield code="a">DLC</subfield>
    <subfield code="b">eng</subfield>
    <subfield code="e">rda</subfield>
    <subfield code="c">DLC</subfield>
    <subfield code="d">OCLCO</subfield>
    <subfield code="d">IG#</subfield>
    <subfield code="d">YDX</subfield>
  </datafield>
  <datafield tag="041" ind1=" " ind2=" ">
    <subfield code="a">eng</subfield>
  </datafield>
  <datafield tag="042" ind1=" " ind2=" ">
    <subfield code="a">pcc</subfield>
  </datafield>
  <datafield tag="050" ind1="0" ind2="0">
    <subfield code="a">HB615</subfield>
    <subfield code="b">.R838 2025</subfield>
  </datafield>
  <datafield tag="100" ind1=" " ind2=" ">
    <subfield code="a">Ruddick, Graham</subfield>
    <subfield code="e">author</subfield>
    <subfield code="9">26268</subfield>
  </datafield>
  <datafield tag="245" ind1="1" ind2="0">
    <subfield code="a">Risk roulette</subfield>
    <subfield code="b">: the surprising reasons why some businesses work and others fail</subfield>
    <subfield code="c">/ Graham Ruddick.</subfield>
  </datafield>
  <datafield tag="260" ind1=" " ind2=" ">
    <subfield code="a">London ;</subfield>
    <subfield code="a">New York, NY :</subfield>
    <subfield code="b">Kogan Page Inc.,</subfield>
    <subfield code="c">2025.</subfield>
  </datafield>
  <datafield tag="300" ind1=" " ind2=" ">
    <subfield code="a">198 pages ;</subfield>
    <subfield code="c">22 cm.</subfield>
  </datafield>
  <datafield tag="504" ind1=" " ind2=" ">
    <subfield code="a">Includes bibliographical references and index.</subfield>
  </datafield>
  <datafield tag="505" ind1="0" ind2=" ">
    <subfield code="a">Introduction: The chief risk officer &#x2014; Risk is in the eye of the beholder &#x2014; The six-foot tall man who drowned in the five-foot deep &#x2014; stream &#x2014; Innovation &#x2014; All in &#x2014; When to quit &#x2014; Pushing the boundaries &#x2014; Skydiving &#x2014; Protecting what you have &#x2014; FOMO &#x2014; To infinity and beyond &#x2014; Everyone has a stake &#x2014; The existential crisis &#x2014; Clusters.</subfield>
  </datafield>
  <datafield tag="520" ind1=" " ind2=" ">
    <subfield code="a">Success requires taking a risk, or two. But have you ever bet the house on a seemingly good idea for it to become a bad business decision? Risk isn't just about being risky and having a blas&#xE9; attitude to responsibility. It's about understanding risk more broadly, from the level of risk involved in a decision and how to reduce it, to the difference between short-term and long-term risk. Based on fifteen years researching and interviewing leaders from around the world, including Baroness Martha Lane Fox, Andre Lacroix, Ed Smith, Ayrton Senna from Formula 1 and more, journalist Graham Ruddick, has found that there's a pivotal trait leaders have when it comes to success: they understand risk. Join icons from the worlds of business, finance, journalism and sport who know how to make risk work for them and push the boundaries so you can elevate your business.</subfield>
  </datafield>
  <datafield tag="650" ind1=" " ind2="0">
    <subfield code="a">Risk</subfield>
    <subfield code="9">4552</subfield>
  </datafield>
  <datafield tag="650" ind1=" " ind2="0">
    <subfield code="a">Risk management</subfield>
    <subfield code="9">2878</subfield>
  </datafield>
  <datafield tag="650" ind1=" " ind2="0">
    <subfield code="a">Success in business</subfield>
    <subfield code="9">1506</subfield>
  </datafield>
  <datafield tag="942" ind1=" " ind2=" ">
    <subfield code="2">lcc</subfield>
  </datafield>
  <datafield tag="952" ind1=" " ind2=" ">
    <subfield code="0">0</subfield>
    <subfield code="1">0</subfield>
    <subfield code="2">lcc</subfield>
    <subfield code="4">0</subfield>
    <subfield code="7">0</subfield>
    <subfield code="a">TBS</subfield>
    <subfield code="b">TBS</subfield>
    <subfield code="d">2025-10-22</subfield>
    <subfield code="l">0</subfield>
    <subfield code="o">HB615 RUD</subfield>
    <subfield code="p">B05797</subfield>
    <subfield code="r">2025-10-22</subfield>
    <subfield code="t">1</subfield>
    <subfield code="w">2025-10-22</subfield>
    <subfield code="y">1</subfield>
  </datafield>
  <datafield tag="999" ind1=" " ind2=" ">
    <subfield code="c">5084</subfield>
    <subfield code="d">5084</subfield>
  </datafield>
</record>
